Responses for Show #3686 - Monday, September 18, 2000

Michelle Clum game 4.

Contestants

[<< previous game]

Peter Dunne, an attorney from New York City, New York

Tom Sims, a construction estimator from Winter Park, Florida

Michelle Clum, an executive assistant originally from Wichita, Kansas (whose 3-day cash winnings total $30,598)

[next game >>]

Jeopardy! Round responses

POLITICAL TERMS
HAULIN' "OAT"s
WEIGHTS & MEASURES
FORD
LINCOLN
MERCURY
    $100 1
Resolution

Tom
    $100 19
U-boat

Peter
    $100 17
Hand

Peter
    $100 6
Birth of A Nation

Tom
    $100 11
Pumpkin

Peter
    $100 12
Atmosphere

Peter
    $200 2
Veto

Peter
    $200 23
Throat

Michelle
    $200 18
Leg

Michelle
    $200 7
Monument Valley

Michelle
    $200 27
Nebraska

Michelle
    $200 13
1970s

Michelle
    $300 3
Tent

Tom
    $300 24
Float

Tom
    $300 20
Lap

Tom
    $300 8
Rear Admiral

Triple Stumper
    $300 28
"The Name Game"

Peter
    $300 14
Messenger

Tom
    $400 4
(Robert) Bork

Michelle
    $400 25
Bloat

Tom
    $400 21
Fingers

Triple Stumper
    $400 9
Young Mr. Lincoln

Triple Stumper
    $400 29
(P: What is the Atlantic Ocean?)

North Pole

Peter
Triple Stumper
    $800 15
88

Tom
    $500 5
Partisan politics

Triple Stumper
    $500 26
Stoat

Michelle
    $500 22
Foot

Peter
    $500 10
Wagon Train

Michelle
    $500 30
Lee Iacocca

Tom
    $500 16
Rotates on its axis

Peter

Scores at the first commercial break (after clue 15):

Michelle Tom Peter
$1,300 $1,600 $400

Scores at the end of the Jeopardy! Round:

Michelle Tom Peter
$2,400 $3,100 $1,500

Double Jeopardy! Round responses

NAME THE YEAR
AMERICANA
GRAMPA & GRAMMYS
THE SMALLEST IN AREA
NOTABLE NAMES
WORD ORIGINS
    $200 6
1968

Michelle
    $200 12
"Hail To The Chief"

Peter
    $200 22
"Mack The Knife"

Triple Stumper
    $200 20
Vatican City

Peter
    $200 1
Captain James Cook

Peter
    $200 10
Incas

Michelle
    $400 7
1901

Michelle
    $400 16
(Alex: And not to the clue!)

Boston

Peter
    $400 25
(with a minute to go...)

Beatles

Tom
    $400 21
Ecuador

Tom
    $400 2
Emperor Hirohito

Peter
    $400 13
(M: What is brunette?)
(T: What is henna?)

Auburn

MichelleTomPeter
    $600 8
1988

Tom
    $600 17
Minneapolis

Peter
    $1,500 26
(T: Who is Frank Sinatra?)

Tony Bennett ("I Left My Heart In San Francisco")

Tom
    $600 24
Taiwan

Peter
    $600 3
(P: Who is Mark Antony?)

Julius Caesar

MichellePeter
    $600 14
Eucalyptus

Tom
    $800 9
1953

Peter
    $800 18
Arizona

Michelle
    $800 27
Peter, Paul and Mary

Peter
    $800 28
(T: What is Ethiopia?)
(buzzer sounds)

Egypt

TomPeter
    $800 4
(T: Who is Crazy Horse?)

Sitting Bull

MichelleTom
    $1,500 15
Corpulent

Tom
    $1000 11
1977

Michelle
    $1000 19
(M: Who is Earl Hammer?)

Earl Hamner, Jr.

Michelle
Triple Stumper
    $1000 5
(P: Who is Alexander Pushkin?)

Alexander Nevsky

Peter
Triple Stumper
    $1000 23
(P: What is neocene?)

Cenozoic

Peter
Triple Stumper

Scores at the end of the Double Jeopardy! Round:

Michelle Tom Peter
$5,000 $3,100 $4,300

[wagering suggestions for these scores]

Final Jeopardy! Round responses

THE MOVIES
TomWhat is Good Will Hunting?
$2,300
PeterWhat is Good Will Hunting?
$1,900
MichelleWhat is Good Will Hunting?
$3,601
Good Will Hunting (Ben Affleck & Matt Damon)

Final scores:

Michelle Tom Peter
$8,601 $5,400 $6,200
4-day champion: $39,199 3rd place: Sony Card $1,000 Shopping Spree 2nd place: Trip to Cayman Islands from Yahoo Travel

Game dynamics:

Coryat scores:

Michelle Tom Peter
$5,000 $3,500 $4,300
15 R,
2 W
14 R
(including 2 DDs),
4 W
(including 1 DD)
19 R,
4 W

Combined Coryat: $12,800

[game clues] [game scores] [suggest correction]

Game tape date: 2000-08-22
The J! Archive is created by fans, for fans. Scraping, republication, monetization, and malicious use prohibited; this site may use cookies and collect identifying information. See terms. The Jeopardy! game show and all elements thereof, including but not limited to copyright and trademark thereto, are the property of Jeopardy Productions, Inc. and are protected under law. This website is not affiliated with, sponsored by, or operated by Jeopardy Productions, Inc. Join the discussion at JBoard.tv.